Vista normal
Vista MARC
Entrada Topical Term
Número de registros utilizados en: 2
001 - CONTROL NUMBER
- control field: 39023
003 - CONTROL NUMBER IDENTIFIER
- control field: OSt
005 - DATE AND TIME OF LATEST TRANSACTION
- control field: 20230915232103.0
008 - FIXED-LENGTH DATA ELEMENTS
- fixed length control field: 230915|| aca||aabn | a|a d
040 ## - CATALOGING SOURCE
- Original cataloging agency: OSt
- Transcribing agency: OSt
150 ## - HEADING--TOPICAL TERM
- Topical term or geographic name entry element: VIOLENCIA SOCIAL - COLOMBIA - SIGLO XX
670 ## - SOURCE DATA FOUND
- Source citation: Work cat.: (OSt)23108: Cepeda Samudio, Álvaro, 1926 - 1972 39021, La casa grande / , 2012